Soccer Pot Pourri - Linked Letters - Statistics

General Stats
  • This quiz has been taken 10 times
  • The average score is 13 of 24
Answer Stats
Hint Answer % Correct
UEFA Champions League Winners 2020-21 Chelsea
89%
Club to whom Barcelona sold Diego Maradona in 1982 Napoli
89%
Frankfurt and Braunschweig Eintracht
78%
Dier, Bailly, Gerets and Cantona Eric
78%
Diminutive Spanish international midfielder who made 442 appearances for Barcelona Iniesta
78%
Kiev, Moscow, Tblisi and Dresden Dynamo
67%
EFL Championship Winners 2020-21 Norwich City
67%
Colour of Dundee United's shirts Orange
67%
Team who play at the Wankdorf Stadium in Bern Young Boys
67%
Keeper who made 112 appearance in goal for Italy Zoff
67%
The first black football player to represent England in a full international match Anderson
56%
Nickname of Everton legend William Ralph Dean Dixie
56%
First British £1 million player Francis
56%
European Cup Winners 1979 and 1980 Nottingham Forest
56%
"The Black Cats" Sunderland
56%
1978 World Cup - lost to Peru, drew with Iran then beat The Netherlands Scotland
44%
"Average" team from Liege Standard
44%
Club that beat Real Madrid in the ECWC Final 1983 Aberdeen
33%
Became the worlds second most expensive defender when he transferred toMan City in 2016. Stones
33%
Football League Champions in 1972 and losing European semi-finalists in 1973 Derby County
22%
Tschen La Ling, Simon Tahamata, Sonny Silooy andStanley Menzo all represented this nation Netherlands
22%
Scorer of the winning goal in the FA Cup final 2020-21 Tielemans
22%
Dane who was the Winner of the Ballon D'Or in 1977 and who later played for Charlton Athletic Simonsen
11%
Home city of Turkish club Trabzonspor Trabzon
11%
No matching quizzes found
Score Distribution
Percent of People with Each Score
Percentile by Number Answered
Your Score History
You have not taken this quiz